000 00951nam a22002532 4500
001 0000000647
005 20151217151752.0
008 070213s xx 000 0 eng d
020 _a0877882606 (pbk) :
_cKES 940
040 _aKABU
_cKABU
050 0 _aBR1725
_b.N57F43 1999
100 1 _aNissley, Denny,
_d1955-.
_@0000148912
245 1 0 _aFear no evil :
_bthe story of Denny Nissley and Christ in action /
_cby Dennis Nissley with Jodie Randisi.
260 _aWheaton, Ill. :
_bHarold Shaw Publishers,
_cc1999.
300 _a191 p. :
_bill. ;
_c22 cm.
600 1 0 _aNissley, Denny,
_d1955-.
_@0000148912
650 0 _aChristian biography
_zUnited States.
_@0000148913
650 0 _aNarcotic addicts
_xBiography
_zUnited States.
_@0000148914
650 0 _aAlcoholics
_xBiography
_zUnited States.
_@0000148915
700 1 _aRandisi, Jodie.
_@0000148916
908 _a070213
950 _@1
999 _c4842
_d4842